The Persian Wars by Herodotus / History War

সংরক্ষণ করুন:
গ্রন্থ-পঞ্জীর বিবরন
প্রধান লেখক: Godolphin, Francis R.B.
বিন্যাস: অজ্ঞাত
ভাষা:English
প্রকাশিত: Random House, 1942.
বিষয়গুলি:
ট্যাগগুলো: ট্যাগ যুক্ত করুন
কোনো ট্যাগ নেই, প্রথমজন হিসাবে ট্যাগ করুন!
Thư viện lưu trữ: Mạng thư viện Đại học Đà Nẵng
LEADER 00960ca a2200289 4500
001 000031582
003 6442
005 20241008105823.0
008 151001s1942 vm 000 eng
020 |a 9780075536406 
041 |a eng 
082 |a 910  |b GO-F 
100 |a Godolphin, Francis R.B. 
245 4 |a The Persian Wars by Herodotus /  |c Francis R.B.Godolphin  |n History War 
260 |a Random House,  |c 1942. 
300 |a 714p. : ;  |c 18cm. 
650 |a The Persian Wars by Herodotus 
653 |a war  |a history 
OWN |a LNN 
AVA |a UDN50  |b LNN  |c English  |d 910GO-F  |e available  |t Error 5001 Not defined in file expand_doc_bib_avail.  |f 1  |g 0  |h N  |i 0  |j AN  |k 1 
999 |a From the UDN01 
AVA |a UDN50  |b LNN  |c English  |d 910GO-F  |e available  |t Error 5001 Not defined in file expand_doc_bib_avail.  |f 1  |g 0  |h N  |i 0  |j AN  |k 1 
TYP |a Printed language 
980 |a Mạng thư viện Đại học Đà Nẵng